000
00345nam a2200145Ia 4500
003
OSt
005
20240307143304.0
008
170524s9999 xx 000 0 und d
020
_a
978-0415899284
040
_c
IIMT
100
_a
Silver- L
245
4
_a
The Essentials of Marketing Research
260
_b
Routledge Publications
942
_2
ddc
_c
02
999
_c
8656
_d
8656